00430 2200181 4500001002100000005001500021035002000036008004100056245003500097100001900132250000600151260003200157300001100189084001400200082000800214650001400222990001200236INLIS00000000000017320240502114315 a0010-0424000149240502 g | ind 1 aDoa Dan Zikir /cNurul Ashfiya aAshfiya, Nurul a1 aJakarta :bPT. Mapan,c2009 a60 hlm a200 NUR d a200 4aNon Fiksi a0732482